MICROBIOLOGY (Record no. 3395)
[ view plain ]
| 000 -LEADER | |
|---|---|
| fixed length control field | 00466cam a2200205ua 4500 |
| 008 - FIXED-LENGTH DATA ELEMENTS--GENERAL INFORMATION | |
| fixed length control field | 131203n II |||gr||||Z||||||eng |
| 040 ## - CATALOGING SOURCE | |
| Original cataloging agency | MAIN |
| 041 ## - LANGUAGE CODE | |
| -- | English |
| 082 ## - DEWEY DECIMAL CLASSIFICATION NUMBER | |
| Classification number | 579 NIC |
| 100 ## - MAIN ENTRY--PERSONAL NAME | |
| Personal name | NICKLIN, K. |
| 245 ## - TITLE STATEMENT | |
| Title | MICROBIOLOGY |
| 250 ## - EDITION STATEMENT | |
| Edition statement | 2nd. |
| 260 ## - PUBLICATION, DISTRIBUTION, ETC. | |
| Place of publication, distribution, etc. | [s.l]: |
| Name of publisher, distributor, etc. | VIVA BOOKS., |
| Date of publication, distribution, etc. | 2003. |
| 300 ## - PHYSICAL DESCRIPTION | |
| Extent | 330: |
| Dimensions | 22CM. |
| 700 ## - ADDED ENTRY--PERSONAL NAME | |
| Personal name | COOK, GRACMI. |
| 700 ## - ADDED ENTRY--PERSONAL NAME | |
| Personal name | KILLINGTON, R. |
| 942 ## - ADDED ENTRY ELEMENTS (KOHA) | |
| Koha item type | Books |
| 653 ## - INDEX TERM--UNCONTROLLED | |
| Uncontrolled term | Microorganisms, fungi & algae |
| Withdrawn status | Lost status | Damaged status | Not for loan | Collection code | Home library | Current library | Shelving location | Date acquired | Total Checkouts | Full call number | Barcode | Date last seen | Date last checked out | Copy number | Price effective from | Koha item type | Public note |
|---|---|---|---|---|---|---|---|---|---|---|---|---|---|---|---|---|---|
| REFBOT | Central Library and Information Centre Sibsagar Girls College | Central Library and Information Centre Sibsagar Girls College | BOTANY BOOK RACK | 01.08.2006 | 1 | 579 NIC | 21164 | 16.09.2025 | 01.09.2025 | 1 | 27.02.2020 | Books | V |